Who Migrated To Britain When? - Statistics

General Stats
  • This quiz has been taken 10 times
  • The average score is 6 of 19
Answer Stats
Hint Answer % Correct
Jews (Holocaust) 1938
80%
Indians 1947
60%
Carribeans 1948
60%
Kenyans 1967
60%
Ugandans 1972
60%
Irish 1845
40%
Vikings 865
40%
Belgians & Polish WWI
40%
Normams 1060
20%
Jews 1070
20%
Flemish Weavers 1327
20%
Hugenots 1550
20%
Africans 1555
20%
Jews (After Expel) 1656
20%
Palatines 1709
20%
Indians 17th Century
20%
Germans 19th Century
20%
Italians 19th Century
20%
Lombardy Bankers 1220
0%
No matching quizzes found
Score Distribution
Percent of People with Each Score
Percentile by Number Answered
Your Score History
You have not taken this quiz